000
00302nam a2200109Ia 4500
008
180219s9999 xx 000 0 und d
020
_a
9780062007520
100
_a
Willis, Deborah
245
_a
Vanishing and other stories /
260
_a
New york City :
_b
Harper & Perennial
_c
2009
300
_a
287 pages
999
_c
355982
_d
355982